El estudio de la geografía urbana

Đã lưu trong:
Chi tiết về thư mục
Tác giả chính: Carter, Harold (Tác giả)
Định dạng: Sách
Ngôn ngữ:Tiếng Tây Ban Nha
Được phát hành: Madrid Instituto de Estudios de Administración Local 1974
Những chủ đề:
Các nhãn: Thêm thẻ
Không có thẻ, Là người đầu tiên thẻ bản ghi này!

MARC

LEADER 00000nam a2200000 a 4500
001 UCU2000
003 CL-VaPUC
008 960419e19740000SP |||||||||||||||||spa|d
082 0 4 |a 711.4  |b CAR  |2 21 
100 0 |a Carter, Harold  |e author  |9 357821 
245 1 3 |a El estudio de la geografía urbana 
300 |a 381 p 
942 |c BK 
945 |d 19960419 00:00:00  |a lriquelm 
260 |a Madrid  |b Instituto de Estudios de Administración Local  |c 1974 
650 0 |a Geografía  |9 259346 
650 0 |a Geografía urbana  |9 267904 
650 0 |a Zonas urbanas  |9 337776 
650 0 |a Ciudades  |9 265474 
583 |a last modification  |c 19960419 00:00:00  |k Rodrigo Vera 
999 |c 246408  |d 246406 
952 |0 0  |1 0  |4 0  |6 711_400000000000000_CAR_1974  |7 0  |8 A  |9 261362  |a BIBING  |b BIBING  |d 2019-11-19  |i 2017970  |o 711.4 CAR 1974  |p 2017970  |r 2025-01-20  |w 2019-11-19  |y BK  |k GEO